[Event "ISR Ch Open"]
[Site "Ramat Aviv ISR"]
[Date "1999.??.??"]
[Round "5"]
[White "Tseitlin, Mark D"]
[Black "Avrukh, Boris"]
[Result "1-0"]
[WhiteElo "2490"]
[BlackElo "2609"]
[EventDate "1999.03.28"]
[Annotator "Avrukh,B"]
[EventType "swiss"]
[EventRounds "9"]
[EventCountry "ISR"]
[Source "ChessBase"]
[SourceDate "1999.06.08"]

1. e4 c5 2. Nf3 d6 3. d4 cxd4 4. Nxd4 Nf6 5. Nc3 a6 6. Bg5 e6 7. f4 Qc7 8.
 Bxf6 gxf6 9. Qd2 Nc6 10. O-O-O Bd7 11. Kb1 h5 ( 11. ... O-O-O 12. f5 ( 
12. Nce2 Kb8 13. g3 h5 14. Bg2 Be7 15. h4 Nxd4 16. Nxd4 Rdg8 17. Qe3 Qc5 
18. Qb3 Bd8 19. Rhf1 ( 19. e5 d5 ) 19. ... Qb6 20. Qd3 Rg7 {and black is 
ok.0-1 Rowson, J-Rodriguez,A/Erevan 1996/EXT 96ch2 (40)} ) ( 12. Nb3 h5 
13. Be2 Na5 14. Rhf1 Kb8 15. Rf3 Be7 16. Rh3 += {0-1 
Ivanov,A-Waitzkin,J/New York 1993/TD 93\03 (39)} ) 12. ... Kb8 ( 12. ... 
h5?! 13. Nxc6 Qxc6 14. fxe6 fxe6 15. Qf2! Be7 ( 15. ... Kb8 âŒ“ 16. Qxf6 
Bh6 += ) 16. Rd4 b5 17. a4 Qc5 18. axb5 axb5 19. h4!! Rhf8 20. Qd2 Bc6 21.
 Rh3 f5 22. Na4! {with decisive attack for white 1-0 
Brodsky,M-Avrukh,B/Groningen 1993/ EXP 38 (28)} ) 13. Bc4 Nxd4 14. Qxd4 
Be7 15. Bb3 Qc5 16. Qd3 h5 17. Qf3 h4 =, quiet {1/2-1/2 
Shmuter,L-Vaulin,A/St.Petersburg 1993/TD 93\09 (26)} ) 12. Bc4 {.} 12. ...
 Rg8 ( 12. ... O-O-O 13. Nxc6! ( 13. Bb3 Na5 ) 13. ... Qxc6 14. Bb3 Kb8 
15. Rhf1 Qc5 16. Qd3 h4? ( 16. ... Be7 17. f5 Rdg8 18. Qh3 Rg4! {><e4 
Leko,P} ) 17. Qh3 Be7 18. f5 Qe5 19. Rde1! Rde8 20. Ne2 Bf8 21. Nf4 +/- {
1-0 Topalov,V-Anand,V/Dortmund 1997/Inf 70/[Anand,V] (42)} ) ( 12. ... Rc8
13. Bb3?! ( 13. Nxc6! Qxc6 14. Bb3 ) 13. ... Na5 14. Qd3 Nxb3 15. Nxb3 b5 
{1/2-1/2 Parma,B-Quinteros,M/Ljubljana/Portoroz 1973/EXT 97 (15)} ) 13. 
Nxc6! ( 13. Rhg1 â–³ Nxd4 14. Qxd4 Qc5 15. Qd3 b5 16. Bb3 a5! ( 16. ... b4
17. Ne2 Bb5 ( 17. ... a5 18. Bc4 Rc8 19. b3 += ) 18. Qf3 a5 19. Nd4 ) 17. 
e5 ( 17. a4 bxa4 18. Bxa4 Bxa4 19. Nxa4 Qb4 20. b3 Rb8 â‡„â‡„ ) 17. ... f5
18. exd6 a4 19. Bd5 exd5 20. Nxd5 O-O-O! -/+ ) 13. ... bxc6? {Looks like a
nice achievement for black to take with b-pawn on c6,but in fact it's not 
good at all.Now there is no safe place for black's king all over the board
and white using this fact during the game in a wonderful style.} ( 13. ...
 Bxc6 14. f5 +/- ) ( 13. ... Qxc6 âŒ“ 14. Bb3 O-O-O 15. f5 Qc5 16. Rhf1 ( 
16. g3 Qe5 17. Qd3 h4 â‡„â‡„ ( 17. ... Bc6 18. Qc4 Re8 19. Ba4 +/- ) ) 
16. ... Qe5 17. g3 += ) 14. f5 Qa7 ( 14. ... Qa5? 15. Nd5! Qd8 16. Nf4 +- 
) 15. Bb3 Qc5? D {Black has allowed a tactical priyome. Which one?

------------

The sacrificial priyome is fxe6 fxe6  e5!} ( 15. ... O-O-O âŒ“ 16. Rhf1 
Be7 17. Na4 d5 18. Qe2! +/- ( 18. Qa5 Rxg2 19. Nb6+ Kb8 ~ ) ) 16. fxe6 
fxe6 17. e5!! {
another device designed to clear e4 for the knight (2 . . . fxe5 3 Ne4 and
wins). Here it's based on lines such as 2 . . . d5 3 Ne4 dxe4? 4 Qxd7 
mate.
Black avoided immediate disaster with} 17. ... Qxe5 {but White obtained a
powerful initiative with} ( 17. ... d5 18. Ne4 +- ) ( 17. ... fxe5 18. Ne4
+- ) 18. Rhe1 ( 18. Bxe6 $143 Bxe6 19. Rde1 Qg5 20. Rxe6+ Kd7 ( 20. ... 
Kf7 21. Qe1 Qxg2 22. Rf1 Rg6 23. Ne2 â†’ ) 21. Qe1 Qxg2 â‡„â‡„ ) 18. ... 
Qg5 19. Qd4! {renewing the threat of Ne4. He eventually won after} ( 19. 
Bxe6 Qxd2 20. Bxg8+ Qxe1 21. Rxe1+ Be7 += ) 19. ... O-O-O ( 19. ... d5 20.
 Ne4 +- ) ( 19. ... c5 20. Qe4 +- ) 20. Qa7 Qc5 â–¡ ( 20. ... Qa5 21. Bc4 
+- ) 21. Qxa6+ Kb8 ( 21. ... Kc7 22. Na4 Qb5 23. Qa7+ Qb7 24. Qa5+ Kc8 25.
 Nb6+ Kb8 26. Nxd7+ Rxd7 27. Bxe6 {and white wins} ) 22. Bxe6 Bxe6 23. 
Rxe6 Rxg2 24. Rxf6 Rg7 ( 24. ... Be7 25. Rf7 ( 25. Rf5 d5 26. Rxh5 +- ) 
25. ... d5 26. h3 ( 26. Rxe7 Qxe7 27. Qb6+ Kc8 28. Qxc6+ Qc7 ) ) 25. Qf1 (
25. Ne4 Qb5 26. Qxb5+ cxb5 27. Rf5 +- ) 25. ... Be7 26. Rf5 Qb6 ( 26. ... 
d5 âŒ“ 27. Rxh5 Rdg8 ) 27. Rf3! ( 27. Rxh5 Rdg8 {gives to black 
consolidate their position .} ) 27. ... Rg4 28. a3 ( 28. Nd5? cxd5 29. Rb3
Rb4 ) 28. ... Ka8 29. Rf7 Rb8 30. b3 Bg5 31. h3! Rg3 ( 31. ... Rh4 32. 
Rxd6 ) 32. Qc4 ( 32. Rd4! Rb7 33. Ra4+ Kb8 34. Rxb7+ Qxb7 35. Rb4 ) 
32. ... Rb7 33. Rf8+ Rb8 34. Qa4+ {34...Kb735Rf7-Kc836Ne4+-} 1-0